000 00295nam a22001337a 4500
008 181009b xxu||||| |||| 00| 0 eng d
020 _a9781111990909
041 _aeng
080 _211th
_a510
100 _a38
101 _aMAT
245 _aCollege Algebra
_cGustafson,R.D
942 _2udc
_cBK
999 _c49164
_d49164